[Event "13. Lichtenberger Sommer"]
[Site "?"]
[Date "2014.08.21"]
[Round "6.1"]
[White "Von Herman, Ulf"]
[Black "Kurayan, Ruslan"]
[Result "0-1"]
[WhiteElo "2379"]
[BlackElo "2398"]
[PlyCount "58"]
[EventDate "2014.??.??"]
[WhiteTeam "SK König Tegel 1949 e.V."]
[BlackTeam "Gouverment Chersonsk"]

1. c4 Nf6 2. Nc3 g6 3. d4 Bg7 4. e4 d6 5. h3 O-O 6. Bg5 c5 7. d5 b5 8. cxb5 a6
9. a4 Qa5 10. Bd2 Qb4 11. Qb1 Nbd7 12. Nf3 e6 13. Bd3 c4 14. Be2 Nc5 15. Nd4
exd5 16. Nc6 Qb3 17. Ra3 Nfxe4 18. Rxb3 Nxd2 19. Qd1 Ncxb3 20. Nxd5 axb5 21.
axb5 Bxb2 22. Nb6 Bc3 23. Nxa8 Nf3+ 24. Kf1 Nbd2+ 25. Qxd2 Nxd2+ 26. Kg1 Re8
27. Nb6 Bb7 28. Bxc4 Bxc6 29. bxc6 Bd4 0-1

[Event "13. Lichtenberger Sommer"]
[Site "?"]
[Date "2014.08.21"]
[Round "6.2"]
[White "Siebarth, Raiko"]
[Black "Stern, Rene"]
[Result "0-1"]
[WhiteElo "2252"]
[BlackElo "2542"]
[PlyCount "127"]
[EventDate "2014.??.??"]
[WhiteTeam "SG Blau-Weiß Stadtilm"]
[BlackTeam "SK König Tegel 1949 e.V."]

1. e4 e5 2. Nf3 Nc6 3. Nc3 Nf6 4. Bb5 Bd6 5. O-O O-O 6. d3 a6 7. Ba4 Re8 8. Be3
Bf8 9. a3 d6 10. h3 h6 11. Nd5 Nxd5 12. exd5 b5 13. dxc6 bxa4 14. c3 Bf5 15.
Qxa4 Bxd3 16. Rfd1 e4 17. Nd4 g6 18. Rxd3 exd3 19. Rd1 Qh4 20. Rxd3 Qe4 21. Rd1
Bg7 22. Qc4 a5 23. a4 Rab8 24. b4 d5 25. Qb3 Re7 26. Nb5 axb4 27. Qxb4 Re6 28.
Qc5 d4 29. Nxd4 Bxd4 30. cxd4 Qxc6 31. Bxh6 Qxc5 32. dxc5 Ra8 33. Be3 Rxa4 34.
Rd8+ Kg7 35. Bd4+ f6 36. Rd7+ Kf8 37. Be3 c6 38. g3 Ra2 39. h4 Ke8 40. Rg7 f5
41. Rc7 Rc2 42. Rg7 Rc3 43. Kg2 Rd3 44. h5 gxh5 45. Rg5 f4 46. gxf4 Rd5 47. f5
Rh6 48. Kh3 Rh7 49. Rg6 Kd7 50. f6 Rd1 51. Kh2 Rf7 52. Rh6 Rd5 53. Kg3 Ke6 54.
Kh4 Rxf6 55. Rh7 Rd1 56. Rxh5 Rh1+ 57. Kg4 Rxh5 58. Kxh5 Kf5 59. Kh4 Rg6 60. f3
Re6 61. Bg1 Kf4 62. Kh5 Kxf3 63. Kg5 Ke4 64. Bf2 0-1

[Event "13. Lichtenberger Sommer"]
[Site "?"]
[Date "2014.08.21"]
[Round "6.3"]
[White "Schild, Christoph"]
[Black "Brüdigam, Martin"]
[Result "1/2-1/2"]
[WhiteElo "2390"]
[BlackElo "2342"]
[PlyCount "59"]
[EventDate "2014.??.??"]
[WhiteTeam "SK Freiburg Zähringen 1887 e.V."]
[BlackTeam "SK König Tegel 1949 e.V."]

1. c4 c6 2. Qa4 Nf6 3. Nc3 e6 4. Nf3 d5 5. d4 Nbd7 6. e3 dxc4 7. Qxc4 Bd6 8. e4
e5 9. Bg5 Qc7 10. Be2 O-O 11. d5 cxd5 12. exd5 Qxc4 13. Bxc4 a6 14. O-O b5 15.
Bb3 Bb7 16. Rfe1 Ne8 17. Ne4 Bb4 18. Bd2 Bxd2 19. Nexd2 Nef6 20. Nxe5 Nxe5 21.
Rxe5 Rad8 22. Ne4 Nxe4 23. Rxe4 Bxd5 24. Re3 Bxb3 25. axb3 Rfe8 26. Rxe8+ Rxe8
27. Kf1 Ra8 28. Rc1 Kf8 29. Rc6 Ke7 30. Rc7+ 1/2-1/2

[Event "13. Lichtenberger Sommer"]
[Site "?"]
[Date "2014.08.21"]
[Round "6.4"]
[White "Braun, Arik"]
[Black "Sieglen, Joachim"]
[Result "1-0"]
[WhiteElo "2544"]
[BlackElo "2261"]
[PlyCount "57"]
[EventDate "2014.??.??"]
[WhiteTeam "SC Eppingen"]
[BlackTeam "SC Untergrombach 46"]

1. d4 Nf6 2. c4 c5 3. d5 b5 4. cxb5 a6 5. bxa6 g6 6. Nc3 Bxa6 7. e4 Bxf1 8.
Kxf1 d6 9. Nf3 Nbd7 10. g3 Bg7 11. Kg2 O-O 12. a4 Qa5 13. Bd2 Qa6 14. Qc2 Rfc8
15. b3 Ne8 16. Rab1 Nc7 17. Rhc1 Rab8 18. Na2 Rb7 19. b4 Ra8 20. a5 Nb5 21. Qd3
Rab8 22. bxc5 Nxc5 23. Qe3 Nc7 24. Nb4 Qxa5 25. Nc6 Qa2 26. Nxe7+ Kf8 27. Rxb7
Rxb7 28. Nc8 N7a6 29. Nxd6 1-0

[Event "13. Lichtenberger Sommer"]
[Site "?"]
[Date "2014.08.21"]
[Round "6.5"]
[White "Meister, Jakob"]
[Black "Plump, Detlef"]
[Result "1-0"]
[WhiteElo "2466"]
[BlackElo "2228"]
[PlyCount "79"]
[EventDate "2014.??.??"]
[WhiteTeam "SK Zehlendorf e.V."]

1. d4 Nf6 2. Bf4 e6 3. e3 d5 4. Bd3 Bd6 5. Nf3 Bxf4 6. exf4 c5 7. dxc5 Qa5+ 8.
Nbd2 Qxc5 9. O-O Nc6 10. c3 Qd6 11. g3 O-O 12. Nc4 Qc7 13. Nce5 b6 14. Re1 Bb7
15. Rc1 Rad8 16. Nd4 Nxd4 17. cxd4 Qd6 18. Qa4 a6 19. Rc2 Rc8 20. Rec1 b5 21.
Qb3 g6 22. a4 Rxc2 23. Rxc2 b4 24. a5 Rb8 25. Qa4 Kg7 26. f3 Ba8 27. b3 Bb7 28.
g4 Ng8 29. Qd7 Qxd7 30. Nxd7 Rc8 31. Nc5 Rb8 32. Nxb7 Rxb7 33. Rc6 Ne7 34. Rxa6
Rc7 35. Rb6 Nc6 36. a6 Nxd4 37. Rxb4 Rc1+ 38. Kf2 Nc6 39. Rb6 Rc3 40. Ke2 1-0

[Event "13. Lichtenberger Sommer"]
[Site "?"]
[Date "2014.08.21"]
[Round "6.6"]
[White "Kapp, Martin"]
[Black "Moreno Tejera, Emilio"]
[Result "0-1"]
[WhiteElo "2201"]
[BlackElo "2435"]
[PlyCount "88"]
[EventDate "2014.??.??"]
[WhiteTeam "Schachverein Erzgebirge Stollber"]
[BlackTeam "Sfrd. Berlin 1903 e.V."]

1. d4 f5 2. Nf3 Nf6 3. c4 g6 4. g3 Bg7 5. Bg2 O-O 6. O-O d6 7. Nc3 c6 8. Qb3
Kh8 9. Rd1 Qe8 10. Qa3 Ne4 11. Nxe4 fxe4 12. Ng5 d5 13. Bf4 h6 14. Nh3 Nd7 15.
cxd5 cxd5 16. Rac1 g5 17. Be3 Nb6 18. Rc7 Bd7 19. b3 Qh5 20. Rxd7 Nxd7 21. Qxe7
Rf7 22. Qe6 Nf6 23. f3 Re8 24. Qf5 exf3 25. Bxf3 g4 26. Qxh5 Nxh5 27. Bxd5 Rd7
28. Nf2 Rxe3 29. Nxg4 Rxe2 30. Bf3 Rxa2 31. d5 Ra1 32. Rxa1 Bxa1 33. Nxh6 Nf6
34. d6 Be5 35. g4 Bxd6 36. g5 Ng8 37. Nf5 Ne7 38. Nh6 Ng6 39. Nf5 Rf7 40. Bg4
Bc5+ 41. Kh1 Be7 42. Ng3 Bd6 43. Kg2 Rh7 44. h3 Rh4 0-1

[Event "13. Lichtenberger Sommer"]
[Site "?"]
[Date "2014.08.21"]
[Round "6.7"]
[White "Glantz, Robert"]
[Black "Rohde, Wolfgang"]
[Result "1-0"]
[WhiteElo "2308"]
[BlackElo "2162"]
[PlyCount "83"]
[EventDate "2014.??.??"]
[WhiteTeam "SC Kreuzberg e.V."]
[BlackTeam "SC Friesen Lichtenberg e.V."]

1. c4 Nf6 2. g3 g6 3. Bg2 Bg7 4. Nc3 O-O 5. e4 c5 6. Nge2 Nc6 7. O-O d6 8. d3
Ne8 9. Be3 Nc7 10. d4 cxd4 11. Nxd4 Ne6 12. Nde2 Ne5 13. b3 a6 14. a4 b6 15.
Rb1 Bb7 16. Nd5 Nd7 17. Qd2 Re8 18. h4 Rb8 19. f4 Nec5 20. h5 e6 21. Ndc3 Nf6
22. hxg6 hxg6 23. Qc2 Ng4 24. Bd2 b5 25. Bf3 b4 26. Bxg4 bxc3 27. Nxc3 Bd4+ 28.
Kh2 Kg7 29. Bf3 Rh8+ 30. Kg2 f5 31. b4 Nd7 32. Qd3 Qf6 33. a5 Rh7 34. Rh1 Rxh1
35. Rxh1 Ba8 36. Rb1 Kf7 37. exf5 gxf5 38. Bxa8 Rxa8 39. Ne2 e5 40. Rh1 Rg8 41.
Rh5 Ke6 42. c5 1-0

[Event "13. Lichtenberger Sommer"]
[Site "?"]
[Date "2014.08.21"]
[Round "6.8"]
[White "Lagunow, Raphael"]
[Black "Fuchs, Heinz"]
[Result "1/2-1/2"]
[WhiteElo "2121"]
[BlackElo "2353"]
[PlyCount "73"]
[EventDate "2014.??.??"]
[WhiteTeam "SK Zehlendorf e.V."]
[BlackTeam "SC Untergrombach 46"]

1. Nf3 d5 2. g3 Nf6 3. Bg2 c6 4. O-O Bf5 5. d3 e6 6. c4 Nbd7 7. Nc3 h6 8. Be3
Bd6 9. Qb3 Qb8 10. Rac1 O-O 11. cxd5 exd5 12. Bd4 Be6 13. Qc2 Bf5 14. e4 dxe4
15. dxe4 Bh7 16. Nd2 Rd8 17. Nc4 Bc5 18. Rcd1 Bxd4 19. Rxd4 Nc5 20. Rfd1 Rxd4
21. Rxd4 Ne6 22. Rd2 Qc7 23. Qd1 Rd8 24. Rxd8+ Qxd8 25. Qxd8+ Nxd8 26. Nd6 Kf8
27. Bh3 Ne8 28. Nc8 a6 29. f3 f6 30. Kf2 Bg8 31. Ke3 Nc7 32. a3 Be6 33. Bxe6
Ncxe6 34. f4 Ke8 35. Nd6+ Ke7 36. Nf5+ Kd7 37. h4 1/2-1/2

[Event "13. Lichtenberger Sommer"]
[Site "?"]
[Date "2014.08.21"]
[Round "6.9"]
[White "Rietze, Clemens"]
[Black "Stark, Ingo"]
[Result "1/2-1/2"]
[WhiteElo "2274"]
[BlackElo "2134"]
[PlyCount "97"]
[EventDate "2014.??.??"]
[WhiteTeam "USV Potsdam e.V., Abt. Schach"]
[BlackTeam "TSG Oberschöneweide e.V."]

1. d4 Nf6 2. c4 e6 3. Nc3 c5 4. d5 exd5 5. cxd5 Bd6 6. Nf3 O-O 7. Bg5 Re8 8. e3
h6 9. Bh4 a6 10. a4 Bf8 11. Nd2 d6 12. Qb3 Nbd7 13. Be2 Ne5 14. O-O Ng6 15. Bg3
Nd7 16. e4 Qf6 17. Nc4 Nf4 18. Bxf4 Qxf4 19. g3 Qf6 20. f4 Rb8 21. a5 Qd8 22.
Bd3 Qc7 23. Na4 g6 24. e5 dxe5 25. d6 Bxd6 26. Bxg6 Rf8 27. Bxf7+ Rxf7 28. Nxd6
c4 29. Nxc4 Nc5 30. Nxc5 Qxc5+ 31. Ne3 Be6 32. Qc3 Qxc3 33. bxc3 exf4 34. Rxf4
Rxf4 35. gxf4 Rc8 36. c4 Bxc4 37. Rc1 Be6 38. Rxc8+ Bxc8 39. Nc4 Be6 40. Nd6
Bd5 41. Kf2 Kg7 42. Ke3 Kf6 43. Kd4 Bg2 44. Kc5 Ke6 45. f5+ Ke7 46. Nc4 Kf6 47.
Kb6 h5 48. Nd6 h4 49. Kc7 1/2-1/2

[Event "13. Lichtenberger Sommer"]
[Site "?"]
[Date "2014.08.21"]
[Round "6.10"]
[White "Nötzel, Felix"]
[Black "Tonndorf, Matthias"]
[Result "0-1"]
[WhiteElo "2113"]
[BlackElo "2263"]
[PlyCount "61"]
[EventDate "2014.??.??"]
[WhiteTeam "Sfrd. Berlin 1903 e.V."]
[BlackTeam "SV Caissa Wolfenbüttel"]

1. e4 c5 2. Nf3 e6 3. d4 cxd4 4. Nxd4 a6 5. Nc3 Qc7 6. Be2 Nf6 7. O-O Bc5 8.
Nb3 Be7 9. f4 d6 10. Kh1 Nc6 11. Be3 b5 12. a3 O-O 13. Bf3 Bb7 14. Qe1 Rfe8 15.
g4 Rac8 16. g5 Nd7 17. Qg3 Bf8 18. Rae1 Na5 19. Nd4 Nc4 20. Bc1 Nxa3 21. f5 e5
22. g6 Nf6 23. Bg5 exd4 24. Bxf6 fxg6 25. fxg6 Nxc2 26. gxh7+ Kh8 27. Rc1 dxc3
28. Rxc2 Qf7 29. Bxc3 b4 30. Rcf2 bxc3 31. Bg4 0-1

[Event "13. Lichtenberger Sommer"]
[Site "?"]
[Date "2014.08.21"]
[Round "6.11"]
[White "Wecker, Martin"]
[Black "Lerch, Philipp"]
[Result "1/2-1/2"]
[WhiteElo "2049"]
[BlackElo "2241"]
[PlyCount "90"]
[EventDate "2014.??.??"]
[WhiteTeam "Godesberger Schachklub 1929 e.V."]
[BlackTeam "SK König Tegel 1949 e.V."]

1. Nf3 Nf6 2. c4 g6 3. g3 Bg7 4. Bg2 O-O 5. d4 d6 6. O-O Nc6 7. Nc3 a6 8. b3
Bf5 9. Bb2 Ne4 10. Nxe4 Bxe4 11. Qd2 d5 12. Rfd1 Qd6 13. Ne1 Bxg2 14. Kxg2 Rad8
15. Nf3 Rfe8 16. Rac1 dxc4 17. d5 c3 18. Bxc3 Bxc3 19. Qxc3 Nb4 20. Qb2 f5 21.
Ng5 Nxd5 22. e4 fxe4 23. Nxe4 Qe6 24. Nc5 Qg4 25. Qe5 e6 26. Re1 Qf5 27. Nxb7
Rb8 28. Nc5 Rb6 29. Nd7 Rd6 30. Qxf5 gxf5 31. Ne5 Rb8 32. Rc5 Rb5 33. Rec1 Kg7
34. Rxb5 axb5 35. Rc5 Ra6 36. Rxb5 Rxa2 37. Nc4 Kf6 38. Ra5 Rc2 39. Ra7 Rc3 40.
Rb7 e5 41. Rb8 e4 42. Rf8+ Ke6 43. Re8+ Kf6 44. Rf8+ Ke6 45. Re8+ Kf6 1/2-1/2

[Event "13. Lichtenberger Sommer"]
[Site "?"]
[Date "2014.08.21"]
[Round "6.12"]
[White "Schneider, Christian"]
[Black "Scheide, Helmut"]
[Result "1-0"]
[WhiteElo "2211"]
[BlackElo "1947"]
[PlyCount "65"]
[EventDate "2014.??.??"]
[WhiteTeam "SG Blau-Weiß Stadtilm"]
[BlackTeam "USV Potsdam e.V., Abt. Schach"]

1. c4 Nf6 2. g3 e5 3. Bg2 d6 4. Nc3 c6 5. d3 Be7 6. Nf3 O-O 7. O-O Qc7 8. e4
Ne8 9. d4 f6 10. h3 Be6 11. Qe2 Bf7 12. b3 Nd7 13. Bb2 Bg6 14. Rad1 f5 15. dxe5
fxe4 16. Nd4 Nc5 17. exd6 Qxd6 18. Nxe4 Nxe4 19. Bxe4 Bxe4 20. Qxe4 Bf6 21. Nf5
Qc5 22. Bxf6 Nxf6 23. Qe6+ Kh8 24. Nd6 Qh5 25. Rfe1 h6 26. Qf5 Qxf5 27. Nxf5
Rae8 28. Nd6 Rxe1+ 29. Rxe1 Rb8 30. Re7 b5 31. Rxa7 bxc4 32. Nxc4 Nd5 33. Ne5
1-0

[Event "13. Lichtenberger Sommer"]
[Site "?"]
[Date "2014.08.21"]
[Round "6.13"]
[White "Stets, Dmitry"]
[Black "Möller, Dustin"]
[Result "1-0"]
[WhiteElo "2419"]
[BlackElo "1819"]
[PlyCount "79"]
[EventDate "2014.??.??"]
[WhiteTeam "Schachfreunde Gerresheim 86 e.V."]
[BlackTeam "Eckernförder SC von 1921"]

1. e4 e5 2. Nf3 Nc6 3. d4 exd4 4. Bc4 Nf6 5. Ng5 Ne5 6. Qxd4 Nxc4 7. Qxc4 Qe7
8. Nc3 h6 9. Nf3 c6 10. O-O b5 11. Qd3 b4 12. e5 bxc3 13. exf6 Qxf6 14. Be3 Be7
15. Bd4 Qg6 16. Qxc3 O-O 17. Rfe1 Bf6 18. Bxf6 Qxf6 19. Qxf6 gxf6 20. Nd4 c5
21. Nf5 d5 22. Ne7+ Kg7 23. Nxd5 Rd8 24. Rad1 Be6 25. Ne3 Rd4 26. Kf1 a5 27.
Ke2 Rxd1 28. Rxd1 Bxa2 29. b3 a4 30. bxa4 Rxa4 31. Rd7 Be6 32. Rc7 f5 33. Rxc5
Kg6 34. g3 f4 35. Ng2 fxg3 36. hxg3 Re4+ 37. Kd3 Bf5 38. Rxf5 Kxf5 39. Ne3+
Rxe3+ 40. Kxe3 1-0

[Event "13. Lichtenberger Sommer"]
[Site "?"]
[Date "2014.08.21"]
[Round "6.14"]
[White "Kalinitschew, Sergey"]
[Black "Heuser, Philip"]
[Result "1/2-1/2"]
[WhiteElo "2409"]
[BlackElo "2095"]
[PlyCount "246"]
[EventDate "2014.??.??"]
[WhiteTeam "SC Kreuzberg e.V."]
[BlackTeam "Münchener SC 1836 e.V."]

1. Nf3 Nf6 2. g3 b6 3. d3 Bb7 4. e4 d6 5. Bg2 e6 6. O-O c5 7. Nbd2 Be7 8. a3
O-O 9. c3 Qc7 10. Qe2 Nc6 11. b4 d5 12. e5 Nd7 13. d4 cxd4 14. cxd4 b5 15. Nb3
a5 16. Bg5 Bxg5 17. Nxg5 h6 18. Nf3 axb4 19. axb4 Nxb4 20. Qxb5 Na2 21. Nc5
Nxc5 22. Qxc5 Rfc8 23. Qxc7 Rxc7 24. Rfb1 Bc6 25. Bf1 Rb7 26. Rc1 Bb5 27. Rcb1
Bc6 28. Rxb7 Bxb7 29. Nd2 Nc3 30. Rxa8+ Bxa8 31. f4 Bc6 32. Kf2 Bb5 33. Bxb5
Nxb5 34. Ke3 h5 35. Nf3 g6 36. Kd3 Kf8 37. Kc2 Na3+ 38. Kc3 Nc4 39. Kb4 Ke7 40.
Kc5 Ne3 41. Kb4 Nf5 42. Kc3 Kd7 43. Ng5 Ke7 44. Kd3 Kf8 45. Nf3 Ke7 46. Ke2 Kd7
47. Kf2 Ke7 48. h3 Nh6 49. Ke2 Kd7 50. Kd3 Nf5 51. g4 hxg4 52. hxg4 Nh6 53. Nh2
Ke7 54. Kc3 Kd7 55. Kb4 Kc6 56. Ka5 Ng8 57. Nf1 Nh6 58. Ne3 Ng8 59. f5 gxf5 60.
gxf5 Ne7 61. f6 Ng6 62. Ng2 Kc7 63. Kb5 Kb7 64. Ne1 Nh4 65. Nd3 Kc7 66. Nc5 Kd8
67. Nb7+ Ke8 68. Nd6+ Kf8 69. Kc6 Nf3 70. Nb5 Ke8 71. Kc7 Ng5 72. Na7 Nf3 73.
Nc6 Ng5 74. Na7 Nf3 75. Nb5 Ng5 76. Nd6+ Kf8 77. Kc6 Ne4 78. Kb5 Ng5 79. Kb4
Nf3 80. Kc3 Kg8 81. Kd3 Kf8 82. Ke3 Ne1 83. Nb5 Ng2+ 84. Kf2 Nh4 85. Kg3 Nf5+
86. Kf4 Kg8 87. Kf3 Kf8 88. Ke2 Ng3+ 89. Kd3 Nf5 90. Kc3 Ke8 91. Kb4 Kf8 92.
Kc5 Nh4 93. Kc6 Nf5 94. Kc5 Nh4 95. Nc7 Nf5 96. Nxd5 exd5 97. Kxd5 Ke8 98. Ke4
Ng3+ 99. Kf3 Nf5 100. d5 Kd7 101. Kf4 Nd4 102. Kg4 Nb5 103. Kf5 Nd4+ 104. Ke4
Nb5 105. Kd3 Nc7 106. Kc4 Ne8 107. Kc5 Nc7 108. Kd4 Nb5+ 109. Kc4 Nc7 110. Kc5
Na6+ 111. Kd4 Nc7 112. Ke4 Nb5 113. Kf5 Nd4+ 114. Kf4 Ne2+ 115. Kg5 Nd4 116.
Kh6 Ke8 117. Kg7 Nf5+ 118. Kg8 Nh6+ 119. Kg7 Nf5+ 120. Kh7 Kf8 121. Kh8 Ke8
122. Kg8 Nh6+ 123. Kg7 Nf5+ 1/2-1/2

[Event "13. Lichtenberger Sommer"]
[Site "?"]
[Date "2014.08.21"]
[Round "6.15"]
[White "Muse, Drazen"]
[Black "Wörz, Markus"]
[Result "1-0"]
[WhiteElo "2396"]
[BlackElo "1949"]
[PlyCount "57"]
[EventDate "2014.??.??"]
[WhiteTeam "SK König Tegel 1949 e.V."]
[BlackTeam "SC Kreuzberg e.V."]

1. d4 Nf6 2. c4 e6 3. Nc3 Bb4 4. e3 O-O 5. Nge2 d5 6. a3 Bd6 7. cxd5 exd5 8. g3
c6 9. Bg2 Bf5 10. O-O Nbd7 11. b3 Qe7 12. Ra2 Rfe8 13. f3 h6 14. h3 Bh7 15. g4
Bc7 16. f4 Ne4 17. Nxe4 Bxe4 18. Bxe4 Qxe4 19. Ng3 Qe6 20. Rg2 Nf6 21. g5 hxg5
22. fxg5 Ne4 23. Nf5 Rf8 24. Qh5 Bd8 25. g6 fxg6 26. Rxg6 Bf6 27. Qg4 Ng5 28.
Qxg5 Bxg5 29. Rxe6 1-0

[Event "13. Lichtenberger Sommer"]
[Site "?"]
[Date "2014.08.21"]
[Round "6.16"]
[White "Heinig, Wolfram"]
[Black "Kupfer, Michael"]
[Result "1-0"]
[WhiteElo "2299"]
[BlackElo "2059"]
[PlyCount "95"]
[EventDate "2014.??.??"]
[WhiteTeam "SK Zehlendorf e.V."]
[BlackTeam "SC Friesen Lichtenberg e.V."]

1. d4 d5 2. c4 e6 3. Nf3 c5 4. cxd5 exd5 5. Nc3 Nc6 6. g3 Nf6 7. Bg2 Be7 8. O-O
O-O 9. b3 Bg4 10. dxc5 Bxc5 11. Bb2 a6 12. Rc1 Ba7 13. h3 Bxf3 14. Bxf3 Qd6 15.
Kg2 Rad8 16. Qd3 Qe6 17. e3 h5 18. Ne2 Ne5 19. Bxe5 Qxe5 20. Qc3 Qd6 21. Qc7
Qb4 22. Qc3 Qd6 23. b4 Rfe8 24. Rfd1 Ne4 25. Bxe4 Rxe4 26. Qc7 Qf6 27. Nf4 Bxe3
28. fxe3 Rxe3 29. Rd3 Rde8 30. Rxe3 Rxe3 31. Rf1 Rc3 32. Nxd5 Rxc7 33. Rxf6 Rd7
34. Rf5 f6 35. Nc3 Kf7 36. Rd5 Rc7 37. Rd3 g5 38. Kf3 Ke6 39. Re3+ Kf7 40. Nd5
Rc2 41. Re7+ Kg6 42. Rxb7 g4+ 43. Ke3 Rxa2 44. Rb6 a5 45. Nxf6 a4 46. Nxg4+ Kg7
47. Nf6 Ra3+ 48. Kd4 1-0

[Event "13. Lichtenberger Sommer"]
[Site "?"]
[Date "2014.08.21"]
[Round "6.17"]
[White "Flick, Antoine"]
[Black "Vatter, Hans-Joachim"]
[Result "0-1"]
[WhiteElo "2035"]
[BlackElo "2278"]
[PlyCount "68"]
[EventDate "2014.??.??"]
[WhiteTeam "Philidor Mulhouse"]
[BlackTeam "SC Untergrombach 46"]

1. d4 c5 2. d5 e5 3. e4 d6 4. Nf3 Be7 5. Bb5+ Nd7 6. a4 Ngf6 7. Nc3 O-O 8. O-O
Ne8 9. Bd3 g6 10. Bh6 Ng7 11. Qd2 Nf6 12. h3 Kh8 13. Nh2 Ng8 14. Be3 f5 15. f4
exf4 16. Bxf4 g5 17. Be3 f4 18. Bf2 Nh6 19. Rae1 Nf7 20. Nf3 Ne5 21. Nxe5 dxe5
22. Nb5 b6 23. d6 Bf6 24. Bc4 g4 25. Bd5 Rb8 26. hxg4 Bxg4 27. b4 a6 28. Na7
Qxd6 29. bxc5 bxc5 30. Qa5 Ne6 31. Rb1 Nd4 32. Bxd4 exd4 33. Nc6 Rxb1 34. Rxb1
f3 0-1

[Event "13. Lichtenberger Sommer"]
[Site "?"]
[Date "2014.08.21"]
[Round "6.18"]
[White "Petersen, Soren Boeck"]
[Black "Kutschke, Jens"]
[Result "1-0"]
[WhiteElo "2256"]
[BlackElo "2014"]
[PlyCount "63"]
[EventDate "2014.??.??"]
[WhiteTeam "Damhus Skakklub"]
[BlackTeam "Sfrd. Berlin 1903 e.V."]

1. e4 e6 2. d4 d5 3. Nd2 Nf6 4. e5 Nfd7 5. Bd3 c5 6. c3 Nc6 7. Ne2 cxd4 8. cxd4
f6 9. exf6 Nxf6 10. Nf3 Bd6 11. O-O O-O 12. Bf4 Ne4 13. Bxd6 Qxd6 14. Re1 Rxf3
15. Bxe4 dxe4 16. gxf3 e5 17. dxe5 Qxe5 18. Ng3 Bh3 19. Qb3+ Kh8 20. Qxb7 Rc8
21. Rxe4 Qb8 22. Qxb8 Rxb8 23. Rc1 Rd8 24. Rce1 Bd7 25. b4 a6 26. Rd1 Kg8 27.
a4 Kf7 28. b5 axb5 29. axb5 Nb8 30. Red4 g6 31. Ne4 Ke7 32. Nc5 1-0

[Event "13. Lichtenberger Sommer"]
[Site "?"]
[Date "2014.08.21"]
[Round "6.19"]
[White "Albrecht, Rainer"]
[Black "Vogel, Robert"]
[Result "1/2-1/2"]
[WhiteElo "2109"]
[BlackElo "2262"]
[PlyCount "107"]
[EventDate "2014.??.??"]
[WhiteTeam "SC Kreuzberg e.V."]
[BlackTeam "SG Pang-Rosenheim 1910 e.V."]

1. d4 Nf6 2. c4 c5 3. d5 e6 4. Nc3 exd5 5. cxd5 d6 6. Nf3 g6 7. Bg5 Bg7 8. e3
O-O 9. Nd2 Na6 10. Be2 Nc7 11. e4 Rb8 12. a4 b6 13. O-O h6 14. Bh4 a6 15. Qc2
Re8 16. Rab1 b5 17. axb5 Nxb5 18. Nxb5 axb5 19. Rfe1 g5 20. Bg3 Ng4 21. h3 Ne5
22. Nf1 Bd7 23. Ne3 Ra8 24. Bg4 Nxg4 25. hxg4 Qf6 26. f3 Ra2 27. Re2 c4 28. Qd1
Rea8 29. Nf5 Bxf5 30. gxf5 Qd4+ 31. Qxd4 Bxd4+ 32. Kf1 R8a6 33. e5 dxe5 34.
Bxe5 Bxe5 35. Rxe5 Rd6 36. Ke1 Kg7 37. g3 Kf6 38. f4 gxf4 39. gxf4 h5 40. Kd2
b4 41. Ke3 c3 42. bxc3 bxc3 43. Rc1 c2 44. Kd3 Ra4 45. Rxc2 Rxf4 46. Rce2 h4
47. R2e4 h3 48. Rxf4 Kxe5 49. Rh4 Ra6 50. d6 Rxd6+ 51. Ke2 Ra6 52. Rxh3 Ra2+
53. Ke1 Kxf5 54. Rf3+ 1/2-1/2

[Event "13. Lichtenberger Sommer"]
[Site "?"]
[Date "2014.08.21"]
[Round "6.20"]
[White "Reichenbach, Werner"]
[Black "Bankmann, Daniel"]
[Result "0-1"]
[WhiteElo "2258"]
[BlackElo "1931"]
[PlyCount "92"]
[EventDate "2014.??.??"]
[WhiteTeam "SK Zehlendorf e.V."]
[BlackTeam "SC 1934 Gelnhausen"]

1. d4 Nf6 2. Bg5 Ne4 3. Bf4 d5 4. Nd2 Bf5 5. Ngf3 e6 6. h3 Bd6 7. Bxd6 Qxd6 8.
e3 Nd7 9. c4 O-O 10. Be2 c5 11. cxd5 exd5 12. dxc5 Ndxc5 13. O-O Rac8 14. Nd4
Bg6 15. N2f3 Qb6 16. b3 Nc3 17. Qd2 N5e4 18. Qb2 Rc7 19. Rfe1 Rfc8 20. Bf1 a5
21. Ne5 a4 22. Bd3 Qa5 23. Qa3 b5 24. b4 Qb6 25. f3 Nd6 26. Qb2 Bxd3 27. Nxd3
f5 28. Nf4 Rc4 29. a3 Rxd4 30. exd4 Qxd4+ 31. Qf2 Qxf4 32. Re6 Ne8 33. Rae1 Nf6
34. Qa7 Qg5 35. Re7 d4 36. Qxd4 Ncd5 37. h4 Qg3 38. Qe5 Nf4 39. Qb2 Rf8 40. Kf1
Nd3 41. Qa2+ Kh8 42. Rd1 Nf4 43. Qf2 Qh2 44. Qg1 Qxh4 45. Re5 N6h5 46. Qf2 Ng3+
0-1